Language teacher supervision: a case-based approach

Tallennettuna:
Bibliografiset tiedot
Päätekijä: Bailey, Kathleen M (Tekijä)
Aineistotyyppi: Kirja
Kieli:englanti
Julkaistu: Cambridge Cambridge University Press 2006
Painos:1a. ed
Aiheet:
Tagit: Lisää tagi
Ei tageja, Lisää ensimmäinen tagi!

MARC

LEADER 00000cam a2200000 a 4500
001 UCE9564
003 CL-VaPUC
008 151029e20060000uk |||||||||||||||||eng|d
020 |a 9780521547451 
082 0 4 |a 418.007  |b BAI  |2 21 
100 0 |a Bailey, Kathleen M  |e author  |9 582430 
245 1 0 |a Language teacher supervision: a case-based approach 
250 |a 1a. ed 
300 |a 378 p 
942 |c BK 
945 |d 20151029 22:28:00  |a dcastane 
260 |a Cambridge  |b Cambridge University Press  |c 2006 
650 0 |a Lingüística aplicada   |9 313266 
650 0 |a Profesores   |9 308968 
650 0 |a Formación profesional de profesores  |9 307493 
583 |a last modification  |c 20151029 22:28:00  |k Rodrigo Vera 
999 |c 361228  |d 361226 
952 |0 0  |1 0  |3 erb  |4 0  |6 418_007000000000000_BAI_2006  |7 0  |8 A  |9 471622  |a BIBEDU  |b BIBEDU  |c ES_NOD  |i 5245087  |o 418.007 BAI 2006  |p 5245087  |r 2023-08-09  |w 2019-11-24  |y BK  |z Catalogado en:20151029  |k LIT 
952 |0 0  |1 0  |3 erb  |4 0  |6 418_007000000000000_BAI_2006  |7 0  |8 A  |9 471623  |a BIBEDU  |b BIBEDU  |c ES_NOD  |i 5246911  |o 418.007 BAI 2006  |p 5246911  |r 2023-08-09  |w 2019-11-24  |y BK  |z Catalogado en:20151029  |k LIT